Inside out: elementary

Kaydedildi:
Detaylı Bibliyografya
Yazar: Kay, Sue
Materyal Türü: Kitap
Dil:Undetermined
Baskı/Yayın Bilgisi: Oxford Macmillan Education 2003
Konular:
Etiketler: Etiketle
Etiket eklenmemiş, İlk siz ekleyin!
Thư viện lưu trữ: Trung tâm Học liệu Trường Đại học Cần Thơ
LEADER 00523nam a2200193Ia 4500
001 CTU_65396
008 210402s9999 xx 000 0 und d
020 |b 59000 
082 |a 428.24 
082 |b K23/Cas.2e 
100 |a Kay, Sue 
245 0 |a Inside out: elementary 
245 0 |c Sue Kay, Vaughan Jones 
260 |a Oxford 
260 |b Macmillan Education 
260 |c 2003 
650 |a english language,listening 
650 |x problems, exercises, etc 
980 |a Trung tâm Học liệu Trường Đại học Cần Thơ